| 000 | 00680nam a22002417a 4500 | ||
|---|---|---|---|
| 003 | OSt | ||
| 005 | 20180116192412.0 | ||
| 008 | 121213t2012 xxu||||| |||| 00| 0 eng d | ||
| 020 | _a3037681144 | ||
| 020 | _a 9783037681145 | ||
| 040 | _c0 | ||
| 082 | _a595.7 | ||
| 100 | 1 |
_aUffelen, Chris van. _96132 |
|
| 245 | 1 | 0 |
_aSkyscapers / _cChris van Uffelen. |
| 260 |
_aLondon : _bBraun Publish,Csi; _c2012. |
||
| 300 | 1 |
_a455p. : _bill; _c31 cm. |
|
| 490 | 1 | _a Architecture in focus. | |
| 650 |
_aSkyscrapers _96133 |
||
| 650 |
_aTall buildings _96134 |
||
| 830 | 0 |
_a Architecture in focus. _96135 |
|
| 942 |
_2ddc _cBK |
||
| 999 |
_c353596 _d353596 |
||